000
00325nam a22001337a 4500
008
170621b xxu||||| |||| 00| 0 eng d
020
_a
0130184993
041
_a
eng
080
_a
32
100
_a
20
101
_a
SHP
245
_a
THE AGE OF IDEOLOGY-POLITICAL THOUGHT, 1750 TO THE PRESENT
_c
KRAMNICK, U
942
_2
udc
_c
BK
999
_c
18517
_d
18517